[Event "Xtracon Chess Open 2017"]
[Site "Helsingor DEN"]
[Date "2017.07.30"]
[Round "10.98"]
[White "Jensen, Morten Frank"]
[Black "Trost, Edvin"]
[Result "1-0"]
[WhiteElo "2063"]
[BlackElo "1887"]
[WhiteFideId "1407325"]
[BlackFideId "1729519"]
[EventDate "2017.07.22"]

1. e4 c5 2. Na3 Nc6 3. Bb5 g6 4. Bxc6 bxc6 5. d3 Bg7 6. f4 d6 7. c3 Nf6 8. Nf3
O-O 9. O-O Ba6 10. c4 Nd7 11. Rb1 Nb6 12. b3 e5 13. Nc2 f5 14. g3 d5 15. exf5
Rxf5 16. Ne3 Rf8 17. Nxe5 Bxe5 18. fxe5 Qe7 19. Ng4 Nd7 20. Re1 h5 21. Nh6+ Kh7
22. e6 Nf6 23. Bg5 Rae8 24. Qd2 Bc8 25. g4 Bxe6 26. gxh5 gxh5 27. Nf5 Qd7 28.
Ng3 dxc4 29. bxc4 Ng4 30. Ne4 Qd4+ 31. Be3 Nxe3 32. Qxe3 Rg8+ 33. Kh1 Bg4 34.
Rb7+ Rg7 35. Ng5+ Kh6 36. Nf7+ Kg6 37. Qg5+ 1-0

[Event "Xtracon Chess Open 2017"]
[Site "Helsingor DEN"]
[Date "2017.07.30"]
[Round "10.99"]
[White "Salerno, Christian"]
[Black "Nielsen, Carsten Juul"]
[Result "1-0"]
[WhiteElo "2056"]
[BlackElo "1886"]
[WhiteFideId "1310810"]
[BlackFideId "1402242"]
[EventDate "2017.07.22"]

1. e4 e5 2. Nf3 Nc6 3. Bc4 Be7 4. d4 exd4 5. Nxd4 d6 6. Nc3 Nf6 7. f3 O-O 8. Be3
a6 9. O-O Bd7 10. a4 Nxd4 11. Qxd4 Bc6 12. Rad1 Nd7 13. b3 Bf6 14. Qd2 Ne5 15.
Be2 Qc8 16. Nd5 Bxd5 17. Qxd5 Nc6 18. c4 Re8 19. Qd2 a5 20. Bd3 Qe6 21. Bb1 Qe5
22. f4 Qc3 23. Qxc3 Bxc3 24. c5 dxc5 25. Bxc5 Red8 26. Bd3 Bd4+ 27. Bxd4 Rxd4
28. e5 Rad8 29. Be2 Rxd1 30. Rxd1 Rxd1+ 31. Bxd1 Nd4 32. Kf2 c6 33. Ke3 Nf5+ 34.
Ke4 g6 35. g4 Ne7 36. Bf3 Nd5 37. f5 Kf8 38. Kd4 gxf5 39. Bxd5 cxd5 40. gxf5 1-0

[Event "Xtracon Chess Open 2017"]
[Site "Helsingor DEN"]
[Date "2017.07.30"]
[Round "10.100"]
[White "Moller, Arne Vang"]
[Black "Kocur, Johan"]
[Result "1/2-1/2"]
[WhiteElo "1890"]
[BlackElo "2055"]
[WhiteFideId "1406175"]
[BlackFideId "202614"]
[EventDate "2017.07.22"]

1. e4 c5 2. b3 e6 3. Bb2 d5 4. Bb5+ Bd7 5. Bxd7+ Qxd7 6. exd5 exd5 7. Qe2+ Ne7
8. Nf3 Nc6 9. O-O f6 10. d4 cxd4 11. Bxd4 Kf7 12. Bb2 Nf5 13. Na3 Bc5 14. Rad1
Rad8 15. c3 Qe7 16. Qxe7+ Nfxe7 17. Nc2 h5 18. a4 g5 19. b4 Bd6 20. Ne3 g4 21.
Nd4 Be5 22. b5 Nxd4 23. cxd4 Bd6 24. Rc1 Rdg8 25. Rc3 Ke8 26. Ba3 Bxa3 27. Rxa3
Kd7 28. Rc3 1/2-1/2

[Event "Xtracon Chess Open 2017"]
[Site "Helsingor DEN"]
[Date "2017.07.30"]
[Round "10.101"]
[White "Schack, Asbjorn Hovgaard"]
[Black "Jarlnaes, Erik"]
[Result "1-0"]
[WhiteElo "2053"]
[BlackElo "1880"]
[WhiteFideId "1449575"]
[BlackFideId "1414623"]
[EventDate "2017.07.22"]

1. d4 Nf6 2. c4 e6 3. Nc3 Bb4 4. e3 O-O 5. Ne2 d5 6. a3 Bxc3+ 7. Nxc3 a5 8. cxd5
exd5 9. Bd3 Re8 10. O-O b6 11. Rb1 Ba6 12. b4 axb4 13. axb4 Ne4 14. Nxe4 Bxd3
15. Qxd3 dxe4 16. Qc4 Ra4 17. f3 Qd7 18. fxe4 Rxe4 19. Bd2 b5 20. Qc2 Rg4 21.
Rf5 Ra6 22. Be1 Rc6 23. Rxb5 Na6 24. Qe2 Rc2 25. Rb8+ Nxb8 26. Qxc2 Rg6 27. Bg3
Rc6 28. Qe4 f5 29. Qd3 Qd5 30. b5 Rc4 31. b6 Na6 32. Qa3 Rc2 33. Qb3 Rxg2+ 34.
Kf1 Qxb3 35. Rxb3 Rc2 36. Ra3 cxb6 37. Rxa6 b5 38. Rb6 Rb2 39. Bd6 Kf7 40. d5 g5
41. Be5 1-0

[Event "Xtracon Chess Open 2017"]
[Site "Helsingor DEN"]
[Date "2017.07.30"]
[Round "10.102"]
[White "Undheim, Bjarne"]
[Black "Saren, Bjorn"]
[Result "1/2-1/2"]
[WhiteElo "1882"]
[BlackElo "2051"]
[WhiteFideId "1506862"]
[BlackFideId "1712071"]
[EventDate "2017.07.22"]

1. e4 c5 2. Nf3 d6 3. Bb5+ Bd7 4. Bxd7+ Qxd7 5. O-O Nc6 6. d4 cxd4 7. Nxd4 g6 8.
Be3 Bg7 9. Nc3 Nf6 10. Qd2 O-O 1/2-1/2

[Event "Xtracon Chess Open 2017"]
[Site "Helsingor DEN"]
[Date "2017.07.30"]
[Round "10.103"]
[White "Pankaj, Sindhu"]
[Black "Roder, Peter Ulrik"]
[Result "1/2-1/2"]
[WhiteElo "1837"]
[BlackElo "2048"]
[WhiteFideId "46680357"]
[BlackFideId "1402471"]
[EventDate "2017.07.22"]

1. d4 d5 2. c4 e6 3. Nc3 Nf6 4. cxd5 exd5 5. Bg5 Be7 6. e3 O-O 7. Bd3 c6 8. Nge2
Nbd7 9. O-O Re8 10. Qc2 Nf8 11. f3 Nh5 12. Bxe7 Qxe7 13. e4 dxe4 14. fxe4 Nf6
15. h3 Ng6 16. Rf2 Be6 17. Raf1 Rad8 18. a3 Rf8 19. Qc1 Bc8 20. Bb1 b6 21. e5
Nd5 22. Ne4 c5 23. Ng5 f6 24. exf6 gxf6 25. Ne4 f5 26. N4g3 Ne3 27. Re1 cxd4 28.
Nxd4 Rxd4 29. Rxe3 Rd1+ 30. Qxd1 Qxe3 31. Ba2+ Be6 32. Bxe6+ Qxe6 33. Qe2 Qxe2
34. Nxe2 Re8 1/2-1/2

[Event "Xtracon Chess Open 2017"]
[Site "Helsingor DEN"]
[Date "2017.07.30"]
[Round "10.104"]
[White "Crevatin, Leo"]
[Black "Fossan, Benjamin"]
[Result "1-0"]
[WhiteElo "2044"]
[BlackElo "1855"]
[WhiteFideId "1726307"]
[BlackFideId "1518100"]
[EventDate "2017.07.22"]

1. d4 Nf6 2. c4 g6 3. f3 d5 4. cxd5 Nxd5 5. e4 Nb6 6. Nc3 Bg7 7. Be3 Nc6 8. Bb5
O-O 9. Nge2 a6 10. Bxc6 bxc6 11. b3 e5 12. dxe5 Bxe5 13. Qxd8 Rxd8 14. Rd1 Be6
15. Kf2 a5 16. g3 Kf8 17. Bc5+ Bd6 18. Rxd6 cxd6 19. Bxb6 Rd7 20. Rd1 c5 21.
Rxd6 Rxd6 22. Bxc5 Ke8 23. Bxd6 Rc8 24. Ke3 Kd7 25. e5 f6 26. f4 fxe5 27. fxe5
Bg4 28. Nd5 Ke6 29. Nef4+ Kf7 30. h3 Be6 31. Nc7 a4 32. Nfxe6 axb3 33. axb3 Rb8
34. b4 h6 35. Nd4 Rb6 36. e6+ Kf6 37. Nd5+ 1-0

[Event "Xtracon Chess Open 2017"]
[Site "Helsingor DEN"]
[Date "2017.07.30"]
[Round "10.105"]
[White "Brondum, Eric"]
[Black "Andersen, Daniel"]
[Result "1-0"]
[WhiteTitle "FM"]
[BlackTitle "FM"]
[WhiteElo "2040"]
[BlackElo "1856"]
[WhiteFideId "1400894"]
[BlackFideId "1402714"]
[EventDate "2017.07.22"]

1. Nf3 Nf6 2. g3 g6 3. Bg2 Bg7 4. O-O O-O 5. d3 d5 6. Nbd2 c5 7. e4 Nc6 8. c3 d4
9. cxd4 Nxd4 10. Nxd4 Qxd4 11. Nb3 Qd6 12. Be3 Nd7 13. Qc2 Bd4 14. Nxd4 cxd4 15.
Bh6 Rd8 16. Rac1 Ne5 17. h3 Be6 18. f4 Nc6 19. a3 Rac8 20. Qd2 Qc7 21. b4 Qb6
22. f5 Bd7 23. f6 e5 24. Bg7 Re8 25. Bf8 Nd8 26. Rxc8 Bxc8 27. Be7 Ne6 28. h4
Rxe7 29. fxe7 Qc6 30. Qh6 1-0

[Event "Xtracon Chess Open 2017"]
[Site "Helsingor DEN"]
[Date "2017.07.30"]
[Round "10.106"]
[White "Karlsson, Ulf"]
[Black "Trost, Martin"]
[Result "0-1"]
[WhiteElo "2036"]
[BlackElo "1844"]
[WhiteFideId "1721674"]
[BlackFideId "1710737"]
[EventDate "2017.07.22"]

1. Nf3 Nf6 2. g3 e6 3. Bg2 d5 4. d3 Be7 5. O-O O-O 6. Nbd2 c5 7. e4 Nc6 8. Re1
b5 9. e5 Nd7 10. Nf1 Bb7 11. c3 Nb6 12. d4 b4 13. cxb4 cxb4 14. b3 a5 15. h4 a4
16. Bd2 Qd7 17. Ne3 axb3 18. axb3 Ra3 19. Nc2 Rxb3 20. Rb1 Rxb1 21. Qxb1 Nc4 22.
Bxb4 Nxb4 23. Nxb4 Qa4 24. Nd3 Qa7 25. Qb3 h6 26. Rb1 Ba6 27. Ra1 Qb7 28. Qa2
Bb5 29. Bf1 Bc6 30. Rb1 Qa8 31. Qb3 g5 32. hxg5 hxg5 33. Qd1 Rb8 34. Ra1 Qb7 35.
Nxg5 Bxg5 36. Qg4 Qe7 37. f4 Ne3 38. Qxg5+ Qxg5 39. fxg5 Nf5 40. Kf2 Nxd4 41.
Rc1 Bb5 42. g4 Bc4 43. Nc5 Bxf1 44. Rxf1 Nc6 45. Nd7 Rb7 46. Rc1 Rxd7 47. Rxc6
Kg7 48. Rc3 Kg6 49. Kg3 Kxg5 50. Rc8 Rb7 51. Rg8+ Kh6 52. Rh8+ Kg7 53. Rh2 Rb3+
54. Kf4 Rb4+ 55. Kf3 Re4 56. Rh5 Kg6 57. Kg3 f6 58. exf6 Kxf6 59. Kf3 Kg6 60.
Rh8 Ra4 61. Rd8 Kf6 62. Rd7 Ke5 63. Rg7 Ra3+ 64. Ke2 Ke4 65. g5 Rg3 66. Kf2 Rg4
67. g6 Kf5 68. Kf3 Rxg6 69. Ra7 e5 70. Ra5 e4+ 71. Ke3 Ke5 72. Ke2 Rg3 73. Kd2
Rd3+ 74. Ke2 Kd4 75. Ra4+ Kc5 76. Ra5+ Kb4 77. Ra8 Ra3 78. Rc8 Rc3 79. Ra8 Kb3
80. Ra7 Rh3 81. Rc7 d4 82. Rb7+ Kc2 83. Rc7+ Rc3 84. Ra7 d3+ 85. Kf2 d2 86. Ra2+
Kd3 87. Ra1 e3+ 0-1

[Event "Xtracon Chess Open 2017"]
[Site "Helsingor DEN"]
[Date "2017.07.30"]
[Round "10.107"]
[White "Moestrup, Jorn"]
[Black "Rasmussen, Morten1"]
[Result "1/2-1/2"]
[WhiteElo "2034"]
[BlackElo "1838"]
[WhiteFideId "1403680"]
[BlackFideId "1410865"]
[EventDate "2017.07.22"]

1. Nf3 f5 2. d4 Nf6 3. g3 g6 4. Bg2 Bg7 5. O-O O-O 6. c4 d6 7. Nc3 Qe8 8. d5 a5
9. Nd4 Na6 10. b3 Bd7 11. Rb1 Nc5 12. e3 c6 13. a3 e5 14. dxe6 Nxe6 15. Re1 Qe7
16. b4 axb4 17. axb4 Nxd4 18. exd4 Qf7 19. d5 Rfe8 20. Rxe8+ Rxe8 21. Be3 Nxd5
22. cxd5 Bxc3 23. dxc6 Bxc6 24. Qxd6 1/2-1/2

[Event "Xtracon Chess Open 2017"]
[Site "Helsingor DEN"]
[Date "2017.07.30"]
[Round "10.109"]
[White "Calderon, Paul"]
[Black "Skovgaard, Ib"]
[Result "1-0"]
[WhiteElo "1814"]
[BlackElo "2016"]
[WhiteFideId "2082160"]
[BlackFideId "1406760"]
[EventDate "2017.07.22"]

1. c4 c6 2. Nc3 d5 3. cxd5 cxd5 4. d4 Nc6 5. Nf3 Nf6 6. Bf4 Bd7 7. h3 Rc8 8. e3
Qb6 9. Rb1 Bf5 10. Bd3 Bxd3 11. Qxd3 Nb4 12. Qe2 Ne4 13. O-O e6 14. a3 Nc6 15.
Nxe4 dxe4 16. Ng5 Be7 17. Nxe4 O-O 18. b4 a6 19. Qf3 Rfd8 20. Qg3 Qb5 21. Bh6
Bf8 22. Rfc1 Qf5 23. Nc5 b6 24. Nxa6 Rxd4 25. exd4 Nxd4 26. Qe3 e5 27. Rxc8
Qxb1+ 28. Kh2 gxh6 29. Qxe5 Ne6 30. Qg3+ Qg6 31. Qxg6+ hxg6 32. Rc6 b5 33. g3
Nd4 34. Rb6 Nc2 35. Rxb5 Nxa3 36. Rb8 Kg7 37. b5 Bd6 38. Rb7 Kf6 39. b6 Nc4 40.
Nc7 Bc5 41. Ne8+ Ke6 42. Rc7 Nd6 43. Rxc5 1-0

[Event "Xtracon Chess Open 2017"]
[Site "Helsingor DEN"]
[Date "2017.07.30"]
[Round "10.110"]
[White "Magnusson, Magnus"]
[Black "Kyrkjebo, Marte B."]
[Result "1-0"]
[WhiteElo "2005"]
[BlackElo "1833"]
[WhiteFideId "2302128"]
[BlackFideId "1511602"]
[EventDate "2017.07.22"]

1. e4 e5 2. Nc3 Nf6 3. f4 d5 4. fxe5 Nxe4 5. Nf3 Be7 6. d3 Nxc3 7. bxc3 Be6 8.
Be2 O-O 9. O-O c5 10. Qe1 Nc6 11. Qg3 f6 12. Bh6 Rf7 13. d4 Qd7 14. Nh4 Kh8 15.
Be3 f5 16. Nf3 b6 17. Bg5 h6 18. Bxe7 Nxe7 19. Qh4 Ng6 20. Qg3 Kh7 21. h4 f4 22.
Qf2 Ne7 23. dxc5 bxc5 24. Qxc5 Rc8 25. Qb4 Nc6 26. Qa3 Qc7 27. Nd4 Qd7 28. Bb5
Re7 29. Nxc6 Ree8 30. Nd4 Qe7 31. Bxe8 Qxa3 32. Bb5 Qe7 33. Bd3+ Kg8 34. Rxf4
Rxc3 35. Rb1 Rc8 36. Bg6 Qc5 37. Kh1 Qe7 38. Rbf1 Rd8 39. Nxe6 Rc8 40. Rf8+ Rxf8
41. Rxf8+ Qxf8 42. Nxf8 Kxf8 43. h5 1-0

[Event "Xtracon Chess Open 2017"]
[Site "Helsingor DEN"]
[Date "2017.07.30"]
[Round "10.111"]
[White "Frederiksen Kristian, Pade"]
[Black "French, Max"]
[Result "0-1"]
[WhiteElo "1783"]
[BlackElo "2001"]
[WhiteFideId "1435205"]
[BlackFideId "426652"]
[EventDate "2017.07.22"]

1. d4 Nf6 2. c4 e6 3. Nf3 b6 4. a3 Bb7 5. Nc3 d5 6. cxd5 exd5 7. g3 Be7 8. Bg2
O-O 9. O-O Nbd7 10. b3 Re8 11. Ne5 Bd6 12. Nd3 c6 13. Qc2 Qe7 14. a4 Nf8 15. Bf4
Ne6 16. Bxd6 Qxd6 17. e3 a5 18. Rfb1 c5 19. dxc5 bxc5 20. Rd1 Rad8 21. Ne1 Qb6
22. Ne2 d4 23. Bxb7 Qxb7 24. exd4 Nxd4 25. Nxd4 cxd4 26. Qc5 Ne4 27. Qxa5 Rd5 0-1

[Event "Xtracon Chess Open 2017"]
[Site "Helsingor DEN"]
[Date "2017.07.30"]
[Round "10.112"]
[White "Quinn, David"]
[Black "Kvaloy, Aksel Bu"]
[Result "1-0"]
[WhiteElo "2001"]
[BlackElo "1818"]
[WhiteFideId "2401452"]
[BlackFideId "1528815"]
[EventDate "2017.07.22"]

1. d4 Nf6 2. c4 e6 3. Nf3 b6 4. Bf4 Bb7 5. e3 Bb4+ 6. Nfd2 O-O 7. a3 Bxd2+ 8.
Nxd2 d6 9. Be2 Nbd7 10. O-O Re8 11. Qc2 e5 12. dxe5 dxe5 13. Bg5 h6 14. Bh4 e4
15. Rfd1 Ne5 16. Nb3 Qe7 17. c5 Rad8 18. h3 Bd5 19. Rac1 c6 20. Nd4 g5 21. Nf5
Qf8 22. Bg3 Nfd7 23. Nd6 Re6 24. b4 bxc5 25. Nb7 Rde8 26. Nxc5 Nxc5 27. Qxc5 Qg7
28. Qxa7 R8e7 29. Qd4 f5 30. Bxe5 Rxe5 31. b5 f4 32. bxc6 f3 33. Bc4 g4 34.
Bxd5+ Kh7 35. Bxe4+ 1-0

[Event "Xtracon Chess Open 2017"]
[Site "Helsingor DEN"]
[Date "2017.07.30"]
[Round "10.113"]
[White "Sorensen, Viggo"]
[Black "Thybo, Thomas Sondergaard"]
[Result "0-1"]
[WhiteElo "1680"]
[BlackElo "1999"]
[WhiteFideId "1437410"]
[BlackFideId "1441299"]
[EventDate "2017.07.22"]

1. c4 e6 2. d4 d5 3. Nf3 Nf6 4. Nc3 c6 5. e3 Nbd7 6. Bd3 dxc4 7. Bxc4 b5 8. Bd3
a6 9. O-O Bb7 10. a3 c5 11. Be2 Be7 12. Bd2 O-O 13. Re1 Rc8 14. Rc1 Rc7 15. Nxb5
axb5 16. Ba5 Qb8 17. Bxc7 Qxc7 18. Bxb5 Qb6 19. a4 Rd8 20. Qe2 Nd5 21. Bxd7 Rxd7
22. Ne5 Rd8 23. Nc4 Qa7 24. a5 cxd4 25. exd4 Nf4 26. Qc2 Bxg2 27. Rb1 Rxd4 28.
Qb3 Qa8 29. Ne3 Nh3# 0-1

[Event "Xtracon Chess Open 2017"]
[Site "Helsingor DEN"]
[Date "2017.07.30"]
[Round "10.114"]
[White "Fossan, Andreas"]
[Black "Dishman, Matthew"]
[Result "1-0"]
[WhiteElo "1998"]
[BlackElo "1824"]
[WhiteFideId "1516108"]
[BlackFideId "438642"]
[EventDate "2017.07.22"]

1. d4 Nf6 2. Bg5 e6 3. Nd2 h6 4. Bh4 Be7 5. e3 d5 6. Bd3 O-O 7. Ngf3 c5 8. c3
Nc6 9. O-O Re8 10. Ne5 Nxe5 11. dxe5 Nd7 12. Bxe7 Rxe7 13. Qh5 Rb8 14. Rad1 b5
15. f4 Qb6 16. Rf3 Bb7 17. Rg3 Kh8 18. Rh3 f5 19. exf6 Nxf6 20. Qg6 Qc6 21. Nf3
c4 22. Bb1 Qe8 23. Ne5 Ne4 24. Bxe4 dxe4 25. g4 Bd5 26. g5 Rbb7 27. gxh6 Kg8 28.
h7+ 1-0

[Event "Xtracon Chess Open 2017"]
[Site "Helsingor DEN"]
[Date "2017.07.30"]
[Round "10.115"]
[White "Henningsen, Lasse"]
[Black "Svanholm, Borge Waaktaar"]
[Result "0-1"]
[WhiteElo "1988"]
[BlackElo "1761"]
[WhiteFideId "1425315"]
[BlackFideId "1504835"]
[EventDate "2017.07.22"]

1. e4 e6 2. d4 d5 3. Nc3 Nf6 4. Bg5 Be7 5. e5 Nfd7 6. Bxe7 Qxe7 7. f4 a6 8. Nf3
c5 9. dxc5 Nxc5 10. Qd2 Nc6 11. Bd3 O-O 12. O-O-O b5 13. Ne2 b4 14. Kb1 a5 15.
Ned4 Nxd4 16. Nxd4 Ba6 17. Qe3 Bxd3 18. cxd3 Rfc8 19. Rc1 Qb7 20. f5 Rc7 21. f6
gxf6 22. exf6 Kh8 23. Rhf1 Rg8 24. Rf3 Qc8 25. Nb5 d4 26. Qe5 Rc6 27. Nd6 Qc7
28. Rh3 Rg6 29. Qh5 h6 30. Rg3 Kh7 31. Nb5 Nxd3 32. Rxc6 Qxc6 33. Rxd3 Rxf6 34.
Nxd4 Rf1+ 35. Rd1 Qe4+ 36. Ka1 Qd3 0-1

[Event "Xtracon Chess Open 2017"]
[Site "Helsingor DEN"]
[Date "2017.07.30"]
[Round "10.116"]
[White "Carnstam, Tomas"]
[Black "Solli, Oddvar"]
[Result "1/2-1/2"]
[WhiteElo "1977"]
[BlackElo "1738"]
[WhiteFideId "1707221"]
[BlackFideId "1501208"]
[EventDate "2017.07.22"]

1. c4 Nf6 2. Nc3 e5 3. a3 Be7 4. g3 O-O 5. Bg2 d6 6. d3 c6 7. Nf3 Bf5 8. e4 Bg4
9. h3 Be6 10. O-O h6 11. Ne1 d5 12. cxd5 cxd5 13. Qb3 d4 14. Nd5 b6 15. Nxe7+
Qxe7 16. Qd1 Nfd7 17. f4 f6 18. b4 b5 19. Bd2 Nc6 20. Rc1 Rfc8 21. fxe5 fxe5 22.
Nf3 a5 23. bxa5 Qxa3 24. Qe2 Nc5 25. Rxc5 Qxc5 26. Rc1 Qd6 27. Nh4 Ne7 28. Ra1
b4 29. Nf5 Nxf5 30. exf5 Bd5 31. Bxb4 Qd7 1/2-1/2

[Event "Xtracon Chess Open 2017"]
[Site "Helsingor DEN"]
[Date "2017.07.30"]
[Round "10.117"]
[White "Ski, Jonathan K."]
[Black "Larsen, Ulrik"]
[Result "1/2-1/2"]
[WhiteElo "1771"]
[BlackElo "1971"]
[WhiteFideId "1521667"]
[BlackFideId "1441167"]
[EventDate "2017.07.22"]

1. d4 Nf6 2. c4 c5 3. d5 e6 4. Nc3 exd5 5. cxd5 d6 6. e4 g6 7. Nf3 Bg7 8. Be2
O-O 9. O-O Bg4 10. Qc2 Bxf3 11. Bxf3 Nbd7 12. g3 Ne5 13. Bg2 c4 14. Ne2 Rc8 15.
Be3 Re8 16. Nf4 Nfd7 17. Bxa7 b6 18. Ne2 Ra8 19. Nc3 Rxa7 20. Nb5 Ra5 21. Nxd6
Nc5 22. Nxe8 Qxe8 23. b4 cxb3 24. axb3 Qa8 25. Rxa5 Qxa5 26. Rd1 Qb4 27. d6 Ned7
28. Bh3 Bf8 29. Bxd7 Nxd7 30. Qc6 Qxb3 31. Ra1 Ne5 32. Qe8 Qc3 33. Qa8 Qd4 34.
Rb1 Qxd6 35. Qd5 Qxd5 36. exd5 Bc5 37. Kg2 Kf8 38. f4 Nd7 39. Kf3 Ke7 40. g4 Kd6
41. Rd1 b5 42. g5 b4 43. Rd3 Kc7 44. Ke4 Kb6 45. Rh3 Kb5 46. Kd3 Bd6 47. Rh4 Kc5
48. Rxh7 Bxf4 49. h4 Kxd5 50. Kc2 Nc5 51. Rxf7 b3+ 52. Kb1 Be3 53. Rg7 b2 54.
Rxg6 Bd4 55. Rb6 Na4 56. Rb4 Nc5 57. Rxd4+ Kxd4 58. Kxb2 Ne6 59. g6 Ke5 1/2-1/2

[Event "Xtracon Chess Open 2017"]
[Site "Helsingor DEN"]
[Date "2017.07.30"]
[Round "10.118"]
[White "Greeuw, Sietske"]
[Black "Svensson, Anders 1980"]
[Result "1-0"]
[WhiteElo "1964"]
[BlackElo "1723"]
[WhiteFideId "1020285"]
[BlackFideId "1727818"]
[EventDate "2017.07.22"]

1. e4 c5 2. Nf3 Nc6 3. d4 cxd4 4. Nxd4 g6 5. Nc3 Bg7 6. Be3 Nf6 7. Be2 O-O 8.
Nb3 a5 9. a4 Nb4 10. Qd2 d5 11. Rd1 Be6 12. Nc5 d4 13. Qc1 Nd7 14. Bxd4 Bxd4 15.
Rxd4 Qb6 16. Rxd7 Qxc5 17. Rxb7 Bc4 18. O-O Bxe2 19. Nxe2 Qc6 20. Rxe7 Qxa4 21.
b3 Qc6 22. Qg5 Qxc2 23. Nd4 Qc3 24. Nf5 Nc6 25. Nh6+ Kg7 26. Rc7 Qe5 27. Nf5+
Kh8 28. Rxc6 gxf5 29. Qxf5 Qxf5 30. exf5 Rfb8 31. Rc3 Rb5 32. f6 Rb6 33. Rf3
Raa6 34. Ra1 a4 35. bxa4 Rxa4 36. Re1 Re6 37. Kf1 Rxe1+ 38. Kxe1 h6 39. Rh3 Kh7
40. Rg3 Ra1+ 41. Ke2 Ra2+ 42. Ke3 Ra3+ 43. Kf4 Ra4+ 44. Ke5 Ra5+ 45. Kd6 Ra6+
46. Ke7 Ra7+ 47. Kf8 h5 48. Rg7+ Kh8 49. Rxf7 Ra2 50. Rg7 h4 51. Rg4 Ra8+ 52.
Kf7 Ra7+ 53. Kg6 h3 54. Rh4+ Kg8 55. Rxh3 Rg7+ 56. Kf5 Rxg2 57. Rg3+ 1-0

[Event "Xtracon Chess Open 2017"]
[Site "Helsingor DEN"]
[Date "2017.07.30"]
[Round "10.119"]
[White "Rasmussen, Lars Garne"]
[Black "Werner, Jakob"]
[Result "1-0"]
[WhiteElo "1961"]
[BlackElo "1690"]
[WhiteFideId "1406434"]
[BlackFideId "1426850"]
[EventDate "2017.07.22"]

1. e4 d6 2. d4 Nf6 3. Nc3 g6 4. Bg5 Bg7 5. Qd2 O-O 6. Bh6 c5 7. Bxg7 Kxg7 8. h4
cxd4 9. Qxd4 Nc6 10. Qe3 Ng4 11. Qd2 Qb6 12. h5 Qd4 13. Bd3 Be6 14. Nf3 Qf6 15.
Ng5 Nxf2 16. O-O Nxe4 17. Bxe4 Qe5 18. Nxe6+ fxe6 19. h6+ Kg8 20. Bf3 Rf7 21.
Rae1 Qc5+ 22. Kh1 Raf8 23. Ne4 Qb6 24. Ng5 Rf4 25. Rxe6 R8f5 26. Nh3 Rh4 27. Qe1
Rxh6 28. Kh2 Qd4 29. Bxc6 bxc6 30. Rxe7 Re5 31. Re8+ Kg7 32. Re7+ Kg8 33. Re8+
Kg7 34. Rxe5 dxe5 35. c3 Qd6 36. Qe4 Rh5 37. Rf3 g5 38. Rd3 Qc7 39. g3 Rh6 40.
Qf5 Kg8 41. Rd7 1-0

[Event "Xtracon Chess Open 2017"]
[Site "Helsingor DEN"]
[Date "2017.07.30"]
[Round "10.121"]
[White "Dittrich, Tom"]
[Black "van den Brink, Nienke"]
[Result "1-0"]
[WhiteElo "1943"]
[BlackElo "1686"]
[WhiteFideId "12923532"]
[BlackFideId "1452568"]
[EventDate "2017.07.22"]

1. e4 e6 2. d4 d5 3. Nc3 dxe4 4. Nxe4 Nd7 5. Nf3 Ngf6 6. Nxf6+ Nxf6 7. g3 Bd6 8.
Bg2 O-O 9. O-O c6 10. Qe2 Qc7 11. Rd1 Nd7 12. b3 Qa5 13. Bb2 Ba3 14. c4 Bxb2 15.
Qxb2 Rb8 16. Ne5 Qc7 17. Rd2 Rd8 18. Rad1 h6 19. Qc3 Nf6 20. Qe3 a5 21. Rd3 Re8
22. g4 Nd7 23. g5 hxg5 24. Qxg5 Nf8 25. Rg3 f5 26. Qh5 1-0

[Event "Xtracon Chess Open 2017"]
[Site "Helsingor DEN"]
[Date "2017.07.30"]
[Round "10.122"]
[White "Kvamme, Thomas Jordre"]
[Black "Bremer, Erik"]
[Result "1-0"]
[WhiteElo "1327"]
[BlackElo "1488"]
[WhiteFideId "1523368"]
[BlackFideId "1411578"]
[EventDate "2017.07.22"]

1. d4 Nf6 2. Nf3 g6 3. Bf4 d6 4. h3 Bg7 5. e3 O-O 6. Be2 b6 7. O-O c5 8. c4 Nbd7
9. Nc3 Re8 10. Re1 a6 11. a3 Bb7 12. d5 Bc8 13. b4 Nh5 14. Rc1 Nxf4 15. exf4 Nf6
16. Qd2 Bd7 17. bxc5 bxc5 18. Rb1 Qc7 19. Bd3 Bh6 20. Ne2 Nh5 21. g4 Nf6 22. g5
Bg7 23. gxf6 Bxf6 24. Kg2 Qc8 25. Rh1 h6 26. Nc3 Bf5 27. Ne4 Bg7 28. Nh4 Bxe4+
29. Bxe4 Bf6 30. Nf3 Qc7 31. f5 g5 32. h4 g4 33. Ne1 h5 34. Qh6 g3 35. fxg3 Rab8
36. Nf3 Qa5 37. Ng5 Bg7 38. Qxh5 Qd2+ 39. Kh3 Rxb1 40. Rxb1 Qe3 41. Qf3 Qd2 42.
Qh5 Qe3 43. f6 Bxf6 44. Qxf7+ 1-0

[Event "Xtracon Chess Open 2017"]
[Site "Helsingor DEN"]
[Date "2017.07.30"]
[Round "10.123"]
[White "Damm-Frydenberg, Anders"]
[Black "Voll, Oddvar U"]
[Result "1/2-1/2"]
[WhiteElo "1614"]
[BlackElo "1942"]
[WhiteFideId "1462970"]
[BlackFideId "1533827"]
[EventDate "2017.07.22"]

1. e4 d5 2. exd5 Nf6 3. Bb5+ Nbd7 4. d4 Nxd5 5. Nf3 c6 6. Be2 e6 7. O-O Bd6 8.
Re1 O-O 9. Nc3 Nxc3 10. bxc3 e5 11. Bc4 Qc7 12. a4 h6 13. Ba3 Bxa3 14. Rxa3 Re8
15. Nd2 Nf6 16. Ne4 Nxe4 17. Rxe4 Bf5 18. Re3 Be6 19. Qe2 Bxc4 20. Qxc4 Re7 21.
Ra1 Rae8 22. Rae1 e4 23. Qc5 a6 24. f3 f5 25. fxe4 Rxe4 26. Rxe4 Rxe4 27. Rxe4
fxe4 28. Qf5 Qe7 29. Kf1 Qf6 30. Qxf6 gxf6 31. g4 h5 32. h3 hxg4 33. hxg4 Kg7
34. c4 f5 35. gxf5 Kf6 36. Ke2 Kxf5 37. Ke3 b6 38. d5 Ke5 39. dxc6 Kd6 40. c7
Kxc7 41. Kxe4 Kc6 1/2-1/2